000 01639nam0a2200325 4500
001 RU\NLR\BIBL_A\022676036
005 20260531091943.0
010 _a978-5-6042637-9-2
_9220
021 _aRU
_bКН-П-25-062644
_9КН-П-25-6056
035 _a(NLR Aleph) 022676036
090 _a13713613
_c13713613
100 _a20251201d2019 u y0rusy50 ca
101 0 _arus
102 _aRU
105 _aac z 000zy
181 0 _ai3
_baxxe
182 0 _an
200 1 _aСталинградское детство
_e23 августа 1942 года ...
_eк 76-летию Победы в Сталинграде
_e[сборник]
_fсостав. Г.В. Егорова
203 _aТекст
_bвизуальный
_cнепосредственный
205 _aДоп. изд. кн., опубл. в год 65-летия Победы в Великой Отеч. войне
210 _aВолгоград
_cОлимпия
_aСанкт-Петербург
_cРадуга
_d2019
215 _a439 с.
_cил., портр.
_d22
606 1 _aВеликая Отечественная война
_jВоспоминания, записки и т.п
_yСталинград, город
_z1941 - 1945
_92613527
_3RU\NLR\AUTH\661550085
686 1 _aТ3(2)722.9-9(2Р-4Во-2В),013
686 1 _aЦ35(2)722(2Р-4Во-2В),013
702 1 _7ca
_8rus
_aЕгорова
_bГ. В.
_cканд. филол. наук
_f1964-
_gГалина Викторовна
_9101475
_3RU\NLR\AUTH\77118550
942 _cBOOK
980 _aNB